Countries RAYE has Visited - Statistics

General Stats
  • This quiz has been taken 4 times
  • The average score is 33 of 34
Answer Stats
Continent Country % Correct
South America Argentina
100%
Oceania Australia
100%
Europe Austria
100%
Europe Belgium
100%
South America Brazil
100%
North America Canada
100%
South America Chile
100%
Europe Czech Republic
100%
Europe Denmark
100%
Europe Finland
100%
Europe France
100%
Europe Germany
100%
Europe Hungary
100%
Asia Indonesia
100%
Europe Ireland
100%
Asia Japan
100%
North America Mexico
100%
Europe Netherlands
100%
Oceania New Zealand
100%
Europe Norway
100%
Europe Poland
100%
Europe Portugal
100%
Europe Romania
100%
Asia South Korea
100%
Europe Spain
100%
Europe Sweden
100%
Europe Switzerland
100%
Europe United Kingdom
100%
North America United States of America
100%
Europe Luxembourg
75%
Europe Malta
75%
Asia Singapore
75%
Asia United Arab Emirates
75%
Europe Italy
50%
No matching quizzes found
Score Distribution
Percent of People with Each Score
Percentile by Number Answered
Your Score History
You have not taken this quiz